000 00270nam a22001217a 4500
008 181008b xxu||||| |||| 00| 0 eng d
041 _aeng
080 _26th
_a61
100 _a6
101 _aANE
245 _aIntroduction to Anesthesia
_cDripps,R.D
942 _2udc
_cBK
999 _c48999
_d48999